Gogol The government inspector / (Record no. 9745)
[ view plain ]
| 000 -LEADER | |
|---|---|
| fixed length control field | 00798nam a2200277 a 4500 |
| 001 - CONTROL NUMBER | |
| JCCL Control Number | 9745 |
| 003 - CONTROL NUMBER IDENTIFIER | |
| JCCL marc code | BD-JhCC |
| 005 - DATE AND TIME OF LATEST TRANSACTION | |
| control field | 20180324174234.0 |
| 008 - FIXED-LENGTH DATA ELEMENTS--GENERAL INFORMATION | |
| fixed length control field | 970820s1968 enk b 000 0 eng d |
| 020 ## - INTERNATIONAL STANDARD BOOK NUMBER | |
| International Standard Book Number | 1853994391 |
| 035 ## - SYSTEM CONTROL NUMBER | |
| system control number | (BD-JhCC)9745 |
| 040 ## - CATALOGING SOURCE | |
| Original cataloging agency | BD-JhCC |
| Transcribing agency | DLM |
| Modifying agency | BD-JhCC |
| 041 ## - LANGUAGE CODE | |
| Language code of Book | eng |
| 082 ## - DEWEY DECIMAL CLASSIFICATION NUMBER | |
| Classification number | 891.723 |
| Author mark and Year | MAR 1968 |
| 090 ## - LOCALLY ASSIGNED LC-TYPE CALL NUMBER (OCLC); LOCAL CALL NUMBER (OCLC) | |
| Classification number (OCLC) (R) ; Classification number, CALL (RLIN) (NR) | PG3332.R4 |
| Local cutter number (OCLC) ; Book number/undivided call number, CALL (RLIN) | B47x 1997 |
| 100 1# - MAIN ENTRY--PERSONAL NAME | |
| Personal name | Marsh, Edward O. |
| Dates associated with a name | 1926-. |
| 245 10 - TITLE STATEMENT | |
| Title | Gogol The government inspector / |
| Statement of responsibility, etc | Edward O. Marsh and Jeremy Brooks |
| 246 30 - VARYING FORM OF TITLE | |
| Title proper/short title | Government inspector |
| 260 ## - PUBLICATION, DISTRIBUTION, ETC. (IMPRINT) | |
| Place of publication, distribution, etc | London : |
| Name of publisher, distributor, etc | Methuen & Co Ltd,, |
| Date of publication, distribution, etc | 1968 |
| 300 ## - PHYSICAL DESCRIPTION | |
| Pagination | 106 p. ; |
| Dimensions | 18 cm. |
| 504 ## - BIBLIOGRAPHY, ETC. NOTE | |
| Bibliography, etc | Includes bibliography's (p. 86-91) and index. |
| 650 ## - SUBJECT ADDED ENTRY--TOPICAL TERM | |
| Topical term or geographic name as entry element | Russian Drama |
| 830 #0 - SERIES ADDED ENTRY--UNIFORM TITLE | |
| Uniform title | Critical studies in Russian literature |
| 942 ## - ADDED ENTRY ELEMENTS (KOHA) | |
| Source of classification or shelving scheme | Dewey Decimal Classification |
| Koha item type | Books |
| Source of classification or shelving scheme | Damaged status | Not for loan | Home library | Current library | Shelving location | Date of accession | Total Checkouts | Full call number | Barcode | Date last seen | Copy number | Koha item type |
|---|---|---|---|---|---|---|---|---|---|---|---|---|
| Dewey Decimal Classification | JCC Rouf Library | JCC Rouf Library | General Stacks | 03/24/2018 | 891.723 MAR 1968 | 9125 | 03/24/2018 | C-1 | Books |